| 000 | 00580nam a2200229Ia 4500 | ||
|---|---|---|---|
| 003 | OSt | ||
| 005 | 20221005125817.0 | ||
| 006 | a|||||r|||| 00| 0 | ||
| 007 | ta | ||
| 008 | 221004b |||||||| |||| 00| 0 ben d | ||
| 024 | _a9608 | ||
| 037 | _cTextual | ||
| 040 |
_aCRL _cCRL _bben |
||
| 041 |
_2ben _aben |
||
| 082 | _aY:351.26214, 157P7 | ||
| 100 |
_aNirmal Das _9594178 |
||
| 245 | 0 | _aPrasanga lokya sagaskriti | |
| 260 | _c2007 | ||
| 650 | _aBENGALI LITERATURE | ||
| 942 |
_hY:351.26214, 157P7 _cTEXL _2cc |
||
| 999 |
_c1055129 _d1055129 |
||